000 00879nam a22002535i 4500
001 168028
003 ES-MaACL
005 20250815062653.0
008 051004q18901914sp | |||||||| ||spa d
040 _aCAM
_bspa
_cCAM
100 1 _aWundt, Wilhelm.
_9117452
245 1 0 _aHipnotismo y sugestión /
_cpor W. Wundt ; traducción por Demetrio Zorrillo.
260 _aMadrid :
_bLa España Moderna,
_c[s.a.] (
_fImp. de Gabriel L. Horno)
300 _a110 p. ;
_c23 cm.
490 1 _aBiblioteca de jurisprudencia, filosofía é historia
596 _aLa España Moderna ejerce ca. 1890-1914.
650 4 _aSugestión.
_9149424
650 0 4 _aHipnosis.
_913363
700 1 _aZorrilla, Demetrio.
_9134052
830 0 0 _aBiblioteca de jurisprudencia, filosofía e historia
_9180691
852 _aES-MaACL
_jF-14820
_z-- Rúst.
999 _c168028
_d168028